000 00996nam a22002537a 4500
999 _c64022
_d64022
005 20240530110711.0
008 180131s2016 ua g b 000 1 ara d
017 _a2015/27799
_bمصر. دار الكتب
020 _a9789774992070
040 _aEG-CaGPL
_cEG-CaGPL
082 0 4 _221
_a813.009 /
_bأ ص
100 1 _aاولمان، ستيفن
245 1 2 _aالصورة فى الرواية /
_cستيفن اولمان ؛ ترجمة رضوان العيادى، محمد مشبال
260 _aالقاهرة :
_bرؤية للنشر و التوزيع،
_c2016.
504 _aيشتمل على ارجاعات ببليوجرافية
650 0 7 _2qrmak
_aالادب العربى
650 0 7 _2qrmak
_aالقصص العربية
650 0 7 _2qrmak
_aالقصص العربية
_xتاريخ ونقد
651 _2qrmak
700 0 _a رضوان العيادى
_eمترجم
700 0 _aمحمد مشبال
_eمترجم
942 _2ddc
_cBK